Detalles MARC
| 000 -CABECERA |
| campo de control de longitud fija |
01059nam a2200229 a 4500 |
| 001 - NÚMERO DE CONTROL |
| campo de control |
000046270 |
| 005 - FECHA Y HORA DE LA ÚLTIMA TRANSACCIÓN |
| campo de control |
20201002052742.0 |
| 008 - DATOS DE LONGITUD FIJA--INFORMACIÓN GENERAL |
| campo de control de longitud fija |
090701s2001 dr c 000 0 spa d |
| 040 ## - FUENTE DE LA CATALOGACIÓN |
| Centro catalogador/agencia de origen |
DO-SdBNP |
| Lengua de catalogación |
spa |
| Centro/agencia transcriptor |
BNPHU |
| 082 ## - NÚMERO DE LA CLASIFICACIÓN DECIMAL DEWEY |
| Número de clasificación |
021.7 |
| Número de documento/Ítem |
F356c,2001 |
| 111 2# - ENTRADA PRINCIPAL--NOMBRE DE CONGRESO/REUNIÓN |
| Nombre de congreso/reunión o jurisdicción como elemento de entrada |
Feria Internacional del Libro |
| Número del congreso/reunión o número de parte o sección |
(4tª : |
| Fecha del congreso/reunión |
2001 : 23 abril al 6 de mayo : |
| Sede del congreso/Lugar de la reunión |
Santo Domingo, República Dominicana) |
| 9 (RLIN) |
74288 |
| 245 10 - MENCIÓN DE TÍTULO |
| Título |
IV Feria Internacional del Libro Santo Domingo 2001 : |
| Resto del título |
programa general. |
| 246 30 - FORMA VARIANTE DE TÍTULO |
| Título propio/Titulo breve |
Cuarta Feria Internacional del Libro Santo Domingo 2001 |
| 260 ## - PUBLICACIÓN, DISTRIBUCIÓN, ETC. |
| Lugar de publicación, distribución, etc. |
Santo Domingo : |
| Nombre del editor, distribuidor, etc. |
Comisión Permanente Feria Nacional del Libro, |
| Fecha de publicación, distribución, etc. |
2001. |
| 300 ## - DESCRIPCIÓN FÍSICA |
| Extensión |
68 p. ; |
| Dimensiones |
19 cm. |
| 500 ## - NOTA GENERAL |
| Nota general |
País invitado de honor: Chile, dedicada a Manuel del Cabral |
| 590 ## - NOTA LOCAL (RLIN) |
| Nota local |
Inventariado,2018/VM |
| 611 24 - PUNTO DE ACCESO ADICIONAL DE MATERIA--NOMBRE DE REUNIÓN/CONGRESO |
| Nombre de congreso/reunión o jurisdicción como elemento de entrada |
FERIA INTERNACIONAL DEL LIBRO |
| Subdivisión general |
PROGRAMAS |
| Número del congreso/reunión o número de parte o sección |
(4tª : |
| Fecha del congreso/reunión |
2001 |
| Sede del congreso/Lugar de la reunión |
SANTO DOMINGO, REPÚBLICA DOMINICANA) |
| 9 (RLIN) |
74289 |
| 650 #4 - PUNTO DE ACCESO ADICIONAL DE MATERIA--TÉRMINO DE MATERIA |
| Término de materia o nombre geográfico como elemento de entrada |
Industria del libro |
| Subdivisión geográfica |
República Dominicana |
| 9 (RLIN) |
53136 |
| 650 #4 - PUNTO DE ACCESO ADICIONAL DE MATERIA--TÉRMINO DE MATERIA |
| Término de materia o nombre geográfico como elemento de entrada |
Feria del libro |
| Subdivisión geográfica |
República Dominicana |
| Subdivisión cronológica |
2001 |
| 9 (RLIN) |
74290 |
| 910 ## - DATOS DE OPCIÓN DEL USUARIO (OCLC) |
| Datos de opción del usuario |
Validado. Control de calidad. EMS |